000
00329nam a22001337a 4500
008
190222b xxu||||| |||| 00| 0 eng d
020
_a
9780534506001
041
_a
eng
080
_a
159.9
100
_a
50
101
_a
PSI
245
_a
Health Psychology. An Introduction to Behavior and Health
_c
Brannon, L
942
_2
udc
_c
BK
999
_c
54111
_d
54111